Statistics for TV Shows with Numbers in the Title

Click here to take the quiz!

General Stats

  • This quiz has been taken 32 times
  • The average score is 9 of 11

Answer Stats

HintAnswer% Correct
21 JumpStreet
100%
30Rock
93%
3rd Rock from theSun
93%
Hawaii Five-0
86%
2 BrokeGirls
86%
7thHeaven
79%
8 SimpleRules
79%
Car 54,Where Are You?
75%
Buck Rogers in the 25thCentury
68%
8 isEnough
64%
77 SunsetStrip
64%

Score Distribution

Percentile by Number Answered

Percent of People with Each Score

Your Score History

You have not taken this quiz